|
|
|
|
| LEADER |
00000naa a2200000 ar4500 |
| 001 |
vtls009326895 |
| 003 |
SK-MaSNL |
| 005 |
20260302144251.0 |
| 008 |
080827|2001 xo g||||| 100 1|slo |
| 015 |
|
|
|a SNBRA2008/08
|2 svkbbbg
|
| 038 |
|
|
|a SNKBUCL
|
| 038 |
|
|
|a SVKBBBG
|
| 040 |
|
|
|a SVKBBBG
|b slo
|c SVKBBBG
|e AACR2
|
| 041 |
0 |
|
|a slo
|
| 044 |
|
|
|a xo
|c SK
|
| 072 |
|
7 |
|a 82
|x Literatúra. Literárny život
|2 konspekt
|
| 080 |
|
|
|a 82
|2 2001
|
| 100 |
1 |
|
|a Stoličný, Peter,
|d 1945-
|4 aut.
|9 116252
|
| 245 |
1 |
0 |
|a Budúcnosť knihy pre deti vo svete informačných technológií
|c Peter Stoličný
|
| 650 |
0 |
7 |
|a literatúra pre deti
|2 svkbbbg
|9 55721
|
| 650 |
0 |
7 |
|a informačné technológie
|2 svkbbbg
|9 1527
|
| 650 |
0 |
7 |
|a čítanie
|2 svkbbbg
|9 1654
|
| 773 |
0 |
|
|t Vnútrotextové priestory textu v literatúre pre deti a mládež : zborník materiálov z vedeckej konferencie s medzinárodnou účasťou, ktorá sa konala 18.-20.10.2000 v Prešove
|d Prešov : Náuka, 2001
|g S. 297-301
|z 8089038069
|
| 852 |
|
|
|a SVKBB
|b KIS3GCP
|
| 958 |
|
|
|a NB
|
| 999 |
|
|
|c 1348301
|d 1350231
|